000 00284nam a22001337a 4500
008 171101b xxu||||| |||| 00| 0 eng d
020 _a9780757517860
041 _aeng
080 _a33
100 _a59
101 _aTRE
245 _aCONSUMER BEHAVIOR
_cHANNA.N
942 _2udc
_cBK
999 _c37027
_d37027